000 00219 a2200097 4500
001 12241
100 _aJane's
245 _aJane's: Land-Based Air Defence
260 _aLondon
_bJane's Group
_c2006
090 _c9471
_d9471
942 _aNUST-CAE
_cM
_c36346
999 _c247314
_d247314